The Wanted Songs - Statistics

General Stats
  • This quiz has been taken 369 times
    338 since last reset
  • The average score is 10 of 16
Answer Stats
Hint Answer % Correct
So let's go somewhere no one else can see, you and me Glad You Came
93%
Standing on the yellow line waiting at the station All Time Low
88%
Your in control pressing pause on my heartbeat Lightning
83%
Tried to erase a memory with a flame, and hope i never see you again Warzone
81%
Can see it coming, and we'll never grow old again Chasing The Sun
80%
Those no shows, they sure tell in the way you hold yourself Heart Vacancy
75%
When the storm feels like it could blow you out remember Gold Forever
70%
I'm moving to the beat of her heart I was so lost until tonight, tonight I Found You
69%
I'd erase my thoughts, if only i knew how Lose My Mind
69%
The feeling's irresistible, in detention getting physical Invincible
57%
Don't want my feet on the ground, wanna feel the speed of sound Rocket
56%
My head is killing me killing me girl, are you telling me stay or go Say It On The Radio
53%
We're gonna shock your body, CPR it, the dead won't be sleeping tonight Rock Your Body
50%
Everytime you have to leave, can't believe it cuts so deep Dagger
48%
Try to runaway from the demons that haunted me Behind Bars
40%
Found a letter from a man. A modern man addressed to you Hi and Low
32%
No matching quizzes found
Score Distribution
Percent of People with Each Score
Percentile by Number Answered
Your Score History
You have not taken this quiz since the last reset